| 000 | 01250nam a2200241Ia 4500 | ||
|---|---|---|---|
| 001 | P200-58828 | ||
| 003 | IT-CnALBA | ||
| 008 | 170116s9999||||xx |||||||||||||| ||und|| | ||
| 040 |
_aIT-CnALBA _cIT-CnALBA |
||
| 041 | _aITALIANO | ||
| 100 | _aGui, ministro dell'istruzione | ||
| 245 | 0 | _aPER MIGLIORARE I NOSTRI STUDI. | |
| 250 | _a1a ed. | ||
| 260 |
_bEdizioni Paoline Ostia Lido ROMA' _c1967 [1° Ed.:1967 - Ed.Ling.Originale: 1967] |
||
| 300 | _a16 p. | ||
| 500 | _aCalendario scolastico per L'anno 1967-1968 Ad Uso Manoscritto. Calendario Scolastico 1967-1968. # Disposizioni legislative e Ministeriali. Disposizioni Legislative e Ministeriali sui i CONSIGLI di CLASSE nella Scuola Media # Lo studio del Latino nel Gin | ||
| 501 | _aSocietà San Paolo EM - Piazza San Paolo, 14 - 12051 ALBA (CN) (non commercial uses only) ® Copyright 2017 | ||
| 520 | _aCalendario scolastico per L'anno 1967-1968 Ad Uso Manoscritto. Calendario Scolastico 1967-1968. # Disposizioni legislative e Ministeriali. Disposizioni Legislative e Ministeriali sui i CONSIGLI di CLASSE nella Scuola Media # Lo studio del Latino nel Gin | ||
| 650 | _aPAOLINITÀ | ||
| 700 | _aDragone don Tommaso, ssp. responsabile | ||
| 942 | _cBK | ||
| 957 | _71 | ||
| 999 |
_a79756 _bNO _g Copie: 1 _c318381 _d318381 |
||